000
00288nam a2200109Ia 4500
008
220216s9999 xx 000 0 und d
245
0
_a
Ranking of worlds rubber powers : The changing equations
260
_b
Rubber Asia
_c
2005
300
_a
85-88
650
_a
Rubber industry
942
_c
JS
999
_c
66314
_d
66314